[Event "Titled Tuesday intern op 14th Jun Late"]
[Site "Chess.com INT"]
[Date "2022.06.14"]
[Round "2"]
[White "Donskov, Anatoly"]
[Black "Rychkov, Roman"]
[Result "1-0"]
[WhiteElo "2279"]
[BlackElo "1893"]
[PlyCount "113"]
[EventDate "2022.06.14"]
[EventType "swiss (blitz)"]
[EventRounds "11"]
[EventCountry "USA"]
[SourceTitle "EXT 2023"]
[Source "ChessBase"]
[SourceDate "2022.10.05"]
[SourceVersion "1"]
[SourceVersionDate "2022.10.05"]
[SourceQuality "1"]

1. e4 e5 2. Nf3 Nc6 3. Bb5 a6 4. Ba4 Nf6 5. d3 b5 6. Bb3 Bc5 7. 0-0 d6 8. Be3 Nd4 9. c3 Nxb3 10. axb3 Qe7 11. b4 Bxe3 12. fxe3 0-0 13. Nbd2 Rd8 14. Qe2 Bb7 15. Nh4 g6 16. Nhf3 c5 17. h3 cxb4 18. cxb4 Rac8 19. Rac1 Nh5 20. Kh2 Nf6 21. Nb3 d5 22. Rxc8 Rxc8 23. Nc5 dxe4 24. dxe4 Nxe4 25. Nd3 Ng3 26. Kxg3 e4 27. Nf4 exf3 28. gxf3 Qxb4 29. Rd1 g5 30. Ng2 Qc5 31. Rd4 Qc2 32. Rd2 Qc7+ 33. Kf2 Qh2 34. Rd4 Qxh3 35. Rg4 h6 36. e4 Qh2 37. Qd2 Qe5 38. Ne3 Qh2+ 39. Rg2 Qc7 40. Kg1 Rd8 41. Qe1 Qc5 42. Kh2 Rd3 43. Nf5 Qe5+ 44. Kg1 Rxf3 45. Nxh6+ Kh7 46. Ng4 Qd4+ 47. Kh2 Bxe4 48. Rg3 Rxg3 49. Qxg3 Qxb2+ 50. Nf2 Qf6 51. Nxe4 Qb2+ 52. Kh3 f6 53. Nf2 Qe5 54. Qd3+ Kh6 55. Ng4+ Kh5 56. Nxe5 fxe5 57. Qh7# 1-0

[Event "Titled Tuesday intern op 14th Jun Late"]
[Site "Chess.com INT"]
[Date "2022.06.14"]
[Round "3"]
[White "Rychkov, Roman"]
[Black "Desideri, Ricardo Maruchi"]
[Result "1-0"]
[WhiteElo "1893"]
[BlackElo "1939"]
[PlyCount "65"]
[EventDate "2022.06.14"]
[EventType "swiss (blitz)"]
[EventRounds "11"]
[EventCountry "USA"]
[SourceTitle "EXT 2023"]
[Source "ChessBase"]
[SourceDate "2022.10.05"]
[SourceVersion "1"]
[SourceVersionDate "2022.10.05"]
[SourceQuality "1"]

1. e4 c5 2. Nf3 d6 3. d4 cxd4 4. Nxd4 Nf6 5. Bd3 a6 6. c4 e6 7. Be3 Be7 8. Nc3 b6 9. 0-0 Nbd7 10. Rc1 Bb7 11. b4 0-0 12. f4 Rc8 13. a3 Qc7 14. g4 d5 15. cxd5 exd5 16. Nxd5 Nxd5 17. Rxc7 Nxe3 18. Rxb7 Nxd1 19. Rxd7 Nb2 20. Nf5 Bd8 21. Bxa6 Rc2 22. Rfd1 Nxd1 23. Rxd1 Bc7 24. e5 g6 25. Ne7+ Kg7 26. a4 Ra2 27. Bb5 Rb2 28. Rd7 Bd8 29. Nd5 Bh4 30. e6 Rd8 31. e7 Bxe7 32. Nxe7 Rxd7 33. Bxd7 1-0

[Event "Titled Tuesday intern op 14th Jun Late"]
[Site "Chess.com INT"]
[Date "2022.06.14"]
[Round "8"]
[White "Rychkov, Roman"]
[Black "Djabri, Massinas"]
[Result "0-1"]
[WhiteElo "1893"]
[BlackElo "2206"]
[PlyCount "100"]
[EventDate "2022.06.14"]
[EventType "swiss (blitz)"]
[EventRounds "11"]
[EventCountry "USA"]
[SourceTitle "EXT 2023"]
[Source "ChessBase"]
[SourceDate "2022.10.05"]
[SourceVersion "1"]
[SourceVersionDate "2022.10.05"]
[SourceQuality "1"]

1. e4 e5 2. Nf3 Nc6 3. d4 exd4 4. Nxd4 Nf6 5. Nxc6 bxc6 6. e5 Qe7 7. Qe2 Nd5 8. c4 Ba6 9. b3 g6 10. g3 Bg7 11. Bb2 0-0 12. Bg2 Rae8 13. 0-0 Bxe5 14. Qxe5 Qxe5 15. Bxe5 Rxe5 16. f4 Re3 17. cxd5 Bxf1 18. Kxf1 cxd5 19. Bxd5 Rd3 20. Bf3 Rxf3+ 21. Ke2 Re8+ 22. Kxf3 Re1 23. Kf2 Rh1 24. Ke3 f5 25. Kd3 Kf7 26. Kc2 Rxh2+ 27. Nd2 Rg2 28. Rh1 h5 29. Rh3 Ke6 30. Kd3 d5 31. a3 c5 32. a4 a5 33. Ke3 Rg1 34. Kf2 Rd1 35. Ke2 Ra1 36. Rh2 d4 37. Kd3 Rg1 38. Kc4 Kd6 39. Kb5 Rxg3 40. Kxa5 Kc6 41. Nc4 Rxb3 42. Ne5+ Kd5 43. Nxg6 c4 44. Rxh5 Ke4 45. Ne5 c3 46. Rh2 d3 47. Nc4 c2 48. Nd2+ Kd4 49. Nxb3+ Kc3 50. Kb5 Kxb3 0-1

[Event "Titled Tuesday intern op 14th Jun Late"]
[Site "Chess.com INT"]
[Date "2022.06.14"]
[Round "9"]
[White "Rychkov, Roman"]
[Black "Kohler, Aran"]
[Result "1-0"]
[WhiteElo "1893"]
[BlackElo "2121"]
[PlyCount "135"]
[EventDate "2022.06.14"]
[EventType "swiss (blitz)"]
[EventRounds "11"]
[EventCountry "USA"]
[SourceTitle "EXT 2023"]
[Source "ChessBase"]
[SourceDate "2022.10.05"]
[SourceVersion "1"]
[SourceVersionDate "2022.10.05"]
[SourceQuality "1"]

1. e4 d6 2. d4 Nf6 3. Nc3 g6 4. f4 Bg7 5. e5 dxe5 6. fxe5 Nd5 7. Bc4 Nxc3 8. bxc3 0-0 9. Qf3 c6 10. Ne2 Be6 11. Bxe6 fxe6 12. Qh3 Qd5 13. Rf1 Rxf1+ 14. Kxf1 Na6 15. Qd3 Rf8+ 16. Kg1 b5 17. Nf4 Qd7 18. Qh3 Nc7 19. a4 a6 20. axb5 cxb5 21. Qg4 Rf5 22. Bd2 Qc6 23. Nd3 Rf8 24. h4 Kh8 25. h5 gxh5 26. Qxh5 Qe8 27. Qxe8 Rxe8 28. Nc5 Ra8 29. Ra5 h5 30. Bg5 Bf8 31. Nd7 Kg8 32. Nc5 Kf7 33. Kf2 Kg6 34. Bh4 Kf7 35. Ke3 Bh6+ 36. Kd3 Ke8 37. c4 bxc4+ 38. Kxc4 Rc8 39. Kd3 Ra8 40. Be1 Kd8 41. g3 Kc8 42. c4 Kb8 43. Ra1 Ka7 44. Rb1 Rg8 45. Rb7+ Ka8 46. Rxc7 Rxg3+ 47. Bxg3 Bg5 48. Rd7 h4 49. Rd8+ Ka7 50. Bh2 Kb6 51. Nxe6 Bc1 52. Rb8+ Ka5 53. Rb1 Bh6 54. Nc5 h3 55. Kc3 Bf8 56. Ra1+ Kb6 57. Rxa6+ Kc7 58. Ra8 Bh6 59. Ne6+ Kb7 60. Rh8 Bc1 61. Rxh3 Kc6 62. Kc2 Ba3 63. d5+ Kd7 64. Rxa3 Ke8 65. Ra8+ Kf7 66. Rf8+ Kg6 67. c5 Kh5 68. Rg8 1-0

[Event "Titled Tuesday intern op 14th Jun Late"]
[Site "Chess.com INT"]
[Date "2022.06.14"]
[Round "1"]
[White "Tatarinov, Dmitry"]
[Black "Rychkov, Roman"]
[Result "1-0"]
[WhiteElo "2314"]
[BlackElo "1893"]
[PlyCount "83"]
[EventDate "2022.06.14"]
[EventType "swiss (blitz)"]
[EventRounds "11"]
[EventCountry "USA"]
[SourceTitle "EXT 2023"]
[Source "ChessBase"]
[SourceDate "2022.10.05"]
[SourceVersion "1"]
[SourceVersionDate "2022.10.05"]
[SourceQuality "1"]

1. d4 Nf6 2. c4 e6 3. Nf3 d5 4. g3 c6 5. Bg2 dxc4 6. 0-0 b5 7. a4 Bb7 8. Ne5 a6 9. b3 cxb3 10. Bb2 Nfd7 11. Nd3 Qc7 12. Qxb3 Be7 13. Rc1 Qb6 14. Nc3 b4 15. a5 Qa7 16. Ne4 c5 17. dxc5 Nc6 18. Bxg7 Rg8 19. Bb2 Rc8 20. Nxb4 Nxb4 21. Qxb4 Bxe4 22. Qxe4 Bxc5 23. e3 Rg6 24. Bd4 Rd8 25. Rxc5 Nxc5 26. Qc6+ Qd7 27. Bxc5 Rc8 28. Qxd7+ Kxd7 29. Bb6 Rc3 30. Bf1 e5 31. Bxa6 e4 32. Bb5+ Kc8 33. Bd4 Rb3 34. Bc4 Rb4 35. Bf1 f5 36. a6 Kb8 37. a7+ Ka8 38. Rc1 Rg8 39. Bc4 Rd8 40. Bd5+ Rxd5 41. Rc8+ Rb8 42. Rxb8# 1-0

[Event "Titled Tuesday intern op 07th Jun Late"]
[Site "Chess.com INT"]
[Date "2022.06.07"]
[Round "3"]
[White "Beulen, Marcel"]
[Black "Rychkov, Roman"]
[Result "1-0"]
[WhiteElo "2359"]
[BlackElo "1893"]
[PlyCount "149"]
[EventDate "2022.06.07"]
[EventType "swiss (blitz)"]
[EventRounds "11"]
[EventCountry "USA"]
[SourceTitle "CBM 208 Extra"]
[Source "ChessBase"]
[SourceDate "2022.07.31"]
[SourceVersion "1"]
[SourceVersionDate "2022.07.31"]
[SourceQuality "1"]

1. e4 e5 2. Nf3 Nc6 3. Bc4 Bc5 4. c3 Nf6 5. d3 d6 6. Bb3 a5 7. Nbd2 0-0 8. h3 Be6 9. Bc2 d5 10. Qe2 Re8 11. a3 h6 12. 0-0 Qd6 13. Re1 Nh5 14. Nf1 Bb6 15. Ba4 dxe4 16. dxe4 Nf4 17. Bxf4 exf4 18. Rad1 Qc5 19. Nd4 Bc4 20. Qf3 Ne5 21. Qxf4 c6 22. Bc2 Rad8 23. Ne3 Bc7 24. Nxc4 Nxc4 25. Qxc7 Nxb2 26. Rc1 a4 27. Qxb7 Qxc3 28. Nxc6 Rd2 29. Bxa4 Qxa3 30. Bb3 Rf8 31. Ne5 Nd3 32. Nxd3 Rxd3 33. Bd5 Rd2 34. Qb3 Qd6 35. Qe3 Qb4 36. Rcd1 Rc2 37. Rc1 Rfc8 38. Rxc2 Rxc2 39. Rc1 Rb2 40. Qc3 Kh7 41. Qxb4 Rxb4 42. f3 Kg6 43. Rc6+ f6 44. Kh2 Rb2 45. h4 Kh5 46. Kg3 Rb7 47. Rxf6 Re7 48. Rf5+ Kg6 49. Rf4 Kh7 50. Rg4 g6 51. Rf4 Kg7 52. Rf7+ Rxf7 53. Bxf7 Kxf7 54. Kf4 Kf6 55. g4 g5+ 56. hxg5+ hxg5+ 57. Ke3 Ke5 58. Ke2 Kf4 59. Kf2 Ke5 60. Ke3 Ke6 61. Kd4 Kd6 62. e5+ Ke6 63. Ke4 Kf7 64. Kf5 Ke7 65. Kxg5 Ke6 66. Kf4 Kf7 67. Kf5 Ke7 68. g5 Kf7 69. f4 Kg7 70. e6 Kf8 71. Kf6 Kg8 72. g6 Kf8 73. e7+ Ke8 74. g7 Kd7 75. Kf7 1-0

[Event "Titled Tuesday intern op 07th Jun Late"]
[Site "Chess.com INT"]
[Date "2022.06.07"]
[Round "2"]
[White "Rychkov, Roman"]
[Black "Chen, Justin"]
[Result "0-1"]
[WhiteElo "1893"]
[BlackElo "2307"]
[PlyCount "94"]
[EventDate "2022.06.07"]
[EventType "swiss (blitz)"]
[EventRounds "11"]
[EventCountry "USA"]
[SourceTitle "CBM 208 Extra"]
[Source "ChessBase"]
[SourceDate "2022.07.31"]
[SourceVersion "1"]
[SourceVersionDate "2022.07.31"]
[SourceQuality "1"]

1. e4 d5 2. exd5 Nf6 3. d4 Bg4 4. f3 Bf5 5. g4 Bc8 6. c4 e6 7. Nc3 exd5 8. g5 Nh5 9. Nxd5 Be6 10. Nf4 Qxg5 11. Nxh5 Qxh5 12. Bf4 Bb4+ 13. Kf2 Nc6 14. a3 Be7 15. d5 0-0-0 16. b4 Bh4+ 17. Kg2 Ne5 18. Qe2 Ng6 19. Bg3 Bf5 20. Qd2 Rhe8 21. Bd3 Bxd3 22. Qxd3 Qg4 23. fxg4 Bf6 24. Qf5+ Kb8 25. g5 Bxa1 26. h4 f6 27. h5 Ne7 28. Qxh7 fxg5 29. Qb1 Bf6 30. Nf3 g4 31. Ne5 Nc8 32. Ng6 Re2+ 33. Kf1 Rde8 34. Nf4 R2e3 35. Rg1 Nd6 36. Ne6 Rf3+ 37. Kg2 Nxc4 38. Rf1 Ne3+ 39. Kg1 Rxf1+ 40. Qxf1 Nxf1 41. Kxf1 Kc8 42. Kf2 c6 43. Nf4 Be5 44. dxc6 bxc6 45. Nd3 Bxg3+ 46. Kxg3 Re3+ 47. Kxg4 Rxd3 0-1

[Event "Titled Tuesday intern op 07th Jun Late"]
[Site "Chess.com INT"]
[Date "2022.06.07"]
[Round "8"]
[White "Rychkov, Roman"]
[Black "Jorquera Cahuin, Marcelo Joaquin"]
[Result "1-0"]
[WhiteElo "1893"]
[BlackElo "2233"]
[PlyCount "119"]
[EventDate "2022.06.07"]
[EventType "swiss (blitz)"]
[EventRounds "11"]
[EventCountry "USA"]
[SourceTitle "CBM 208 Extra"]
[Source "ChessBase"]
[SourceDate "2022.07.31"]
[SourceVersion "1"]
[SourceVersionDate "2022.07.31"]
[SourceQuality "1"]

1. e4 d5 2. exd5 Nf6 3. d4 Bg4 4. f3 Bf5 5. g4 Bg6 6. c4 e6 7. Nc3 exd5 8. g5 Nh5 9. Nxd5 c6 10. Nc3 Bb4 11. Be3 0-0 12. Kf2 f6 13. Qb3 Be7 14. Bh3 Na6 15. c5+ Kh8 16. Qxb7 Nc7 17. Qxc6 fxg5 18. Nge2 Nf4 19. Bxf4 gxf4 20. Rhg1 Rb8 21. b3 Be8 22. Qe4 Bg6 23. Rxg6 hxg6 24. Nxf4 Bh4+ 25. Kf1 Rf6 26. Nxg6+ Rxg6 27. Qxg6 Qxd4 28. Qc2 Qxc5 29. Rc1 Bg5 30. Ne4 Qxc2 31. Rxc2 Bf4 32. Rc5 Bxh2 33. Bd7 Bf4 34. Rf5 Bh2 35. Rh5+ Kg8 36. Rxh2 Rd8 37. Nc5 Kf7 38. Re2 Kf6 39. Kf2 Nd5 40. Bg4 Nc3 41. Ne4+ Nxe4+ 42. Rxe4 Rd2+ 43. Re2 Rd4 44. Ke3 Rb4 45. Rc2 a5 46. Rc6+ Ke5 47. Rc5+ Kf6 48. Rxa5 g5 49. Rf5+ Kg6 50. Rc5 Rb8 51. Rc6+ Kg7 52. Ke4 Rf8 53. Bf5 Re8+ 54. Be6 Rf8 55. Rc7+ Kf6 56. Rf7+ Rxf7 57. Bxf7 Kxf7 58. a4 Kf6 59. a5 Ke6 60. a6 1-0

[Event "Titled Tuesday intern op 07th Jun Late"]
[Site "Chess.com INT"]
[Date "2022.06.07"]
[Round "5"]
[White "Rychkov, Roman"]
[Black "Sarkar, Justin"]
[Result "0-1"]
[WhiteElo "1893"]
[BlackElo "2348"]
[PlyCount "44"]
[EventDate "2022.06.07"]
[EventType "swiss (blitz)"]
[EventRounds "11"]
[EventCountry "USA"]
[SourceTitle "CBM 208 Extra"]
[Source "ChessBase"]
[SourceDate "2022.07.31"]
[SourceVersion "1"]
[SourceVersionDate "2022.07.31"]
[SourceQuality "1"]

1. e4 e5 2. Nf3 Nc6 3. d4 exd4 4. Nxd4 Nf6 5. Nxc6 bxc6 6. e5 Qe7 7. Qe2 Nd5 8. c4 Ba6 9. b3 g6 10. g3 Bg7 11. Bb2 0-0 12. Bg2 Rae8 13. Nd2 Bxe5 14. Ne4 f5 15. 0-0 fxe4 16. Rfe1 Bxb2 17. Qxb2 Qf6 18. Qa3 Qxf2+ 19. Kh1 Ne3 20. Rxe3 Qxe3 21. Qxa6 Qc3 22. Rg1 e3 0-1

[Event "Titled Tuesday intern op 07th Jun Late"]
[Site "Chess.com INT"]
[Date "2022.06.07"]
[Round "7"]
[White "Yeshchenko, Uliana"]
[Black "Rychkov, Roman"]
[Result "0-1"]
[WhiteElo "2097"]
[BlackElo "1893"]
[PlyCount "144"]
[EventDate "2022.06.07"]
[EventType "swiss (blitz)"]
[EventRounds "11"]
[EventCountry "USA"]
[SourceTitle "CBM 208 Extra"]
[Source "ChessBase"]
[SourceDate "2022.07.31"]
[SourceVersion "1"]
[SourceVersionDate "2022.07.31"]
[SourceQuality "1"]

1. d4 Nf6 2. c4 e6 3. Nc3 Bb4 4. e3 0-0 5. Bd3 c5 6. Nf3 Nc6 7. 0-0 d5 8. cxd5 exd5 9. dxc5 Bxc3 10. bxc3 Qa5 11. Bb2 Qxc5 12. Rc1 Bg4 13. c4 dxc4 14. Rxc4 Qh5 15. Bxf6 gxf6 16. h3 Bxf3 17. Qxf3 Qxf3 18. gxf3 Ne5 19. Rd4 Nxf3+ 20. Kg2 Nxd4 21. exd4 Rad8 22. Be4 b6 23. Rd1 Rfe8 24. Kf3 Rd6 25. Kf4 Kg7 26. f3 Red8 27. Rg1+ Kf8 28. d5 b5 29. Rc1 Ke7 30. Rc7+ R8d7 31. Rc8 Ra6 32. Rc2 b4 33. h4 Rb6 34. h5 a5 35. h6 f5 36. Bxf5 Rxd5 37. Bxh7 Rxh6 38. Be4 Rd7 39. Rc5 Ra7 40. Rb5 Rd6 41. Bd5 Kf6 42. Ke4 Ke7 43. f4 Kf6 44. Bb3 Re7+ 45. Kf3 Rd3+ 46. Kg4 Ra7 47. Bc4 Rc3 48. Rb6+ Kg7 49. Bd5 Rd7 50. Rb5 Rd3 51. Bc4 Rd2 52. Rxa5 Rc2 53. Rg5+ Kf8 54. Bb3 Rg2+ 55. Kf5 Rxg5+ 56. fxg5 Kg7 57. Bc4 Re7 58. Bb3 Rc7 59. Kg4 Rc5 60. Kf4 Kg6 61. a3 bxa3 62. Ba2 Rb5 63. Kg4 Rxg5+ 64. Kf4 Rb5 65. Ke4 Kf6 66. Kd4 Rb2 67. Bc4 a2 68. Bxa2 Rxa2 69. Kd5 Re2 70. Kd4 Kf5 71. Kd5 Rd2+ 72. Kc4 Ke4 0-1